[Event "29th Czech Open-Rapid 2018"]
[Site "Pardubice"]
[Date "2018.07.18"]
[Round "2"]
[White "Sadhwani, Raunak"]
[Black "Schlosser, Philipp"]
[Result "1/2-1/2"]
[WhiteElo "2409"]
[BlackElo "2501"]
[Annotator "TA"]
[PlyCount "67"]
[EventDate "2018.07.18"]
[EventType "swiss"]
[EventCountry "CZE"]
[SourceTitle "playchess.com"]
[Source "ChessBase"]
[SourceQuality "1"]

{[%evp 22,67,39,33,45,11,17,0,11,0,19,25,41,26,37,27,29,37,45,26,38,27,23,0,0,0,0,0,0,2,12,8,68,72,101,49,106,75,343,128,122,116,111,104,142,143,183,197]} 1. e4 c5 2. Nf3 e6 3. d4 cxd4 4. Nxd4 a6 5. Bd3 Bc5 6. Nb3 Ba7 7. O-O Ne7 8. c4 {B42: Sicilian: Kan Variation: 5 Bd3} (8. Qe2 Nbc6 9. Be3 O-O 10. Bxa7 Rxa7 11. c4 d5 12. exd5 exd5 13. Nc3 d4 14. Ne4 Ng6 15. f4 f5 16. Ng3 b6 17. Rad1 {1-0 (46) Jakovenko,D (2735)-Artemiev,V (2704) Poikovsky 2018}) 8... O-O 9. Nc3 Nbc6 10. Qe2 d6 11. Be3 e5 12. Bxa7 {LiveBook: 22 Games} Rxa7 13. Nd5 a5 14. a4 Be6 $146 ({Predecessor:} 14... Nxd5 15. cxd5 Nb4 16. Bb5 {1-0 (42) Rosen,W (2326)-Neukirch,D (2287) Dresden 2003}) 15. Rfd1 Ng6 16. Qe3 Ra8 17. Bf1 Bxd5 18. cxd5 Nb4 19. Rac1 Kh8 20. g3 f5 21. exf5 Ne7 22. Bg2 Nxf5 23. Qe2 Qb6 {Threatens to win with ...Na2.} 24. Rc4 g6 25. Be4 Rf7 26. Bxf5 Rxf5 ({Black should try} 26... gxf5 $11 27. Qh5 Kg8) 27. Nd2 $1 $14 Raf8 {[%cal Rf5f2]} 28. Ne4 Rf3 ({Better is} 28... h6 $14) 29. Kg2 Rb3 $2 {[%mdl 8192]} (29... R3f5 $16) 30. Rc3 $2 (30. Ng5 $1 $18 {is the precise move to win.}) 30... Rxc3 $16 31. bxc3 Na6 32. Qb5 Qc7 {[#]} 33. Rb1 $1 Qf7 {[#] Strongly threatening ...Qf3+.} 34. Qe2 $1 {Precision: White = 51%, Black = 32%.} 1/2-1/2

[Event "29th Czech Open-Rapid 2018"]
[Site "Pardubice"]
[Date "2018.07.18"]
[Round "2"]
[White "Shkuran, Daniil"]
[Black "Tarun V Kanth"]
[Result "1-0"]
[WhiteElo "2404"]
[BlackElo "2086"]
[Annotator "NA"]
[PlyCount "59"]
[EventDate "2018.07.18"]
[EventType "swiss"]
[EventCountry "CZE"]
[SourceTitle "playchess.com"]
[Source "ChessBase"]
[SourceQuality "1"]
[TimeControl "900+10"]

1. e4 {[%emt 0:00:00]} e6 {[%emt 0:00:00]} 2. d4 {[%emt 0:00:01]} d5 {[%emt 0:00:00]} 3. Nc3 {[%emt 0:00:01]} Bb4 {[%emt 0:00:00]} 4. Nge2 {[%emt 0:00:01]} dxe4 {[%emt 0:00:00]} 5. a3 {[%emt 0:00:01]} Be7 {[%emt 0:00:34]} 6. Nxe4 {[%emt 0:00:03]} Nf6 {[%emt 0:00:01]} 7. N2c3 {[%emt 0:00:23]} Nxe4 {[%emt 0:00:26]} 8. Nxe4 {[%emt 0:00:02]} Nc6 {[%emt 0:00:22]} 9. c3 {[%emt 0:00:49]} O-O {[%emt 0:01:09]} 10. Bc4 {[%emt 0:00:20]} b6 {[%emt 0:00:30]} 11. O-O Bb7 12. Re1 {[%emt 0:02:52]} Na5 {[%emt 0:00:23]} 13. Bd3 {[%emt 0:00:17]} Qd5 {[%emt 0:00:19]} 14. b4 {[%emt 0:01:29]} Nc4 {[%emt 0:02:39]} 15. f3 {[%emt 0:01:17]} Nd6 {[%emt 0:00:17]} 16. Bf4 {[%emt 0:02:55]} Qh5 {[%emt 0:02:22]} 17. Ng3 {[%emt 0:01:35]} Qh4 {[%emt 0:00:02]} 18. Qd2 {[%emt 0:00:02]} Bd5 {[%emt 0:00:14]} 19. Re5 {[%emt 0:03:50]} g6 {[%emt 0:00:46]} 20. Ne4 {[%emt 0:00:17]} Bxe4 {[%emt 0:01:09]} 21. fxe4 {[%emt 0:01:26]} Bd8 {[%emt 0:02:58]} 22. Rf1 {[%emt 0:00:31]} Qe7 {[%emt 0:00:46]} 23. d5 {[%emt 0:00:01]} Qd7 {[%emt 0:00:41]} 24. dxe6 {[%emt 0:00:20]} fxe6 {[%emt 0:00:01]} 25. Bc4 {[%emt 0:00:01]} Re8 {[%emt 0:00:02]} 26. Bh6 {[%emt 0:00:10]} Bf6 {[%emt 0:01:22]} 27. Rxf6 {[%emt 0:00:04]} Qe7 {[%emt 0:00:01]} 28. Rfxe6 {[%emt 0:00:14]} Nxc4 {[%emt 0:00:19]} 29. Rxe7 {[%emt 0:00:03]} Rxe7 {[%emt 0:00:00]} 30. Qd5+ {[%emt 0:00:04]} 1-0

[Event "29th Czech Open-Rapid 2018"]
[Site "Pardubice"]
[Date "2018.07.18"]
[Round "2"]
[White "Grekh, Andrey"]
[Black "Barak, Gil"]
[Result "1-0"]
[WhiteElo "2400"]
[BlackElo "1993"]
[Annotator "NA"]
[PlyCount "43"]
[EventDate "2018.07.18"]
[EventType "swiss"]
[EventCountry "CZE"]
[SourceTitle "playchess.com"]
[Source "ChessBase"]
[SourceQuality "1"]
[TimeControl "900+10"]

1. e4 {[%emt 0:00:00]} e5 {[%emt 0:00:00]} 2. Nf3 {[%emt 0:00:00]} Nc6 {[%emt 0:00:00]} 3. d4 {[%emt 0:00:00]} exd4 {[%emt 0:00:00]} 4. c3 {[%emt 0:00:00]} dxc3 {[%emt 0:00:14]} 5. Nxc3 {[%emt 0:00:00]} Bb4 {[%emt 0:00:20]} 6. Bc4 {[%emt 0:00:00]} Nf6 {[%emt 0:00:24]} 7. e5 {[%emt 0:00:17]} d5 {[%emt 0:00:26]} 8. exf6 {[%emt 0:00:10]} dxc4 {[%emt 0:00:02]} 9. Qxd8+ {[%emt 0:00:02]} Nxd8 {[%emt 0:00:13]} 10. fxg7 {[%emt 0:00:02]} Rg8 {[%emt 0:00:02]} 11. Bh6 {[%emt 0:00:02]} Bf5 {[%emt 0:00:44]} 12. O-O-O {[%emt 0:00:29]} Ne6 {[%emt 0:00:35]} 13. Nd5 {[%emt 0:00:35]} Be7 {[%emt 0:00:31]} 14. Nd4 {[%emt 0:02:23]} Nxd4 {[%emt 0:04:17]} 15. Rxd4 {[%emt 0:00:02]} Rc8 {[%emt 0:01:03]} 16. Re1 {[%emt 0:03:11]} Be6 {[%emt 0:00:09]} 17. Nxe7 {[%emt 0:01:02]} Kxe7 {[%emt 0:00:02]} 18. Bg5+ {[%emt 0:00:07]} f6 {[%emt 0:00:17]} 19. Rde4 {[%emt 0:00:02]} fxg5 {[%emt 0:00:04]} 20. Rxe6+ {[%emt 0:00:01]} Kf7 {[%emt 0:00:39]} 21. Re7+ {[%emt 0:00:01]} Kf6 {[%emt 0:00:12]} 22. g4 {[%emt 0:00:06]} 1-0

[Event "29th Czech Open-Rapid 2018"]
[Site "Pardubice"]
[Date "2018.07.18"]
[Round "2"]
[White "Manik, Mikulas"]
[Black "Annenkov, Kirill"]
[Result "1-0"]
[WhiteElo "2400"]
[BlackElo "2214"]
[Annotator "NA"]
[PlyCount "63"]
[EventDate "2018.07.18"]
[EventType "swiss"]
[EventCountry "CZE"]
[SourceTitle "playchess.com"]
[Source "ChessBase"]
[SourceQuality "1"]
[TimeControl "900+10"]

1. e4 {[%emt 0:00:00]} c6 {[%emt 0:00:00]} 2. d4 {[%emt 0:00:00]} d5 {[%emt 0:00:00]} 3. exd5 {[%emt 0:00:00]} cxd5 {[%emt 0:00:00]} 4. Bd3 {[%emt 0:00:00]} Nc6 {[%emt 0:00:03]} 5. c3 {[%emt 0:00:00]} Qc7 {[%emt 0:00:05]} 6. h3 {[%emt 0:00:01]} Nf6 {[%emt 0:00:06]} 7. Nf3 {[%emt 0:00:02]} g6 {[%emt 0:00:04]} 8. O-O {[%emt 0:00:03]} Bf5 {[%emt 0:00:04]} 9. Re1 {[%emt 0:00:12]} Bxd3 {[%emt 0:00:12]} 10. Qxd3 {[%emt 0:00:02]} Bg7 {[%emt 0:00:04]} 11. Ne5 {[%emt 0:00:54]} O-O {[%emt 0:01:02]} 12. Bf4 {[%emt 0:00:05]} Qb6 {[%emt 0:01:12]} 13. b3 {[%emt 0:02:24]} Nxe5 {[%emt 0:01:26]} 14. Bxe5 {[%emt 0:00:04]} Rac8 {[%emt 0:00:18]} 15. Nd2 {[%emt 0:00:03]} Rfd8 {[%emt 0:00:20]} 16. a4 {[%emt 0:00:27]} a5 {[%emt 0:01:45]} 17. Rab1 {[%emt 0:00:12]} e6 {[%emt 0:01:14]} 18. Qf3 {[%emt 0:00:15]} Ne8 {[%emt 0:00:34]} 19. Bxg7 {[%emt 0:00:25]} Kxg7 {[%emt 0:00:08]} 20. Re3 {[%emt 0:00:06]} Nd6 {[%emt 0:00:13]} 21. g4 {[%emt 0:01:27]} Rc6 {[%emt 0:00:58]} 22. Qf4 {[%emt 0:00:28]} Qc7 {[%emt 0:00:06]} 23. Rc1 {[%emt 0:00:38]} Rc8 {[%emt 0:00:43]} 24. Rf3 {[%emt 0:03:15]} b5 {[%emt 0:00:50]} 25. axb5 {[%emt 0:00:29]} Nxb5 {[%emt 0:00:06]} 26. Qf6+ {[%emt 0:00:02]} Kg8 {[%emt 0:00:02]} 27. c4 {[%emt 0:00:06]} dxc4 {[%emt 0:02:26]} 28. bxc4 {[%emt 0:00:29]} Qd7 {[%emt 0:00:23]} 29. Ne4 {[%emt 0:00:21]} Nxd4 {[%emt 0:00:19]} 30. Re3 {[%emt 0:00:02]} e5 {[%emt 0:00:15]} 31. Qxe5 {[%emt 0:00:10]} Nf3+ {[%emt 0:00:02]} 32. Rxf3 {[%emt 0:00:02]} 1-0

[Event "29th Czech Open-Rapid 2018"]
[Site "Pardubice"]
[Date "2018.07.18"]
[Round "2"]
[White "Chekletsov, Ilya"]
[Black "Sengupta, Deep"]
[Result "0-1"]
[WhiteElo "2395"]
[BlackElo "2565"]
[Annotator "TA"]
[PlyCount "148"]
[EventDate "2018.07.18"]
[EventType "swiss"]
[EventCountry "CZE"]
[SourceTitle "playchess.com"]
[Source "ChessBase"]
[SourceQuality "1"]

{[%evp 13,148,12,15,8,8,27,16,22,24,8,12,10,17,0,13,0,14,8,12,0,0,0,17,0,0,-77,-76,-76,-76,-76,-77,-82,-97,-127,0,0,0,0,0,0,0,0,0,0,0,0,0,0,0,0,0,0,0,0,0,0,0,0,0,0,0,0,0,0,0,0,0,0,0,-19,0,0,0,-19,-28,-344,-345,-336,-337,-336,-325,-309,-303,-294,-277,-275,-270,-454,-244,-1885,-237,-29969,-29969,-29981,-29982,-29982,-29983,-29983,-29984,-29984,-29972,-29981,-29983,-29983,-29984,-29984,-29985,-29985,-29982,-29982,-29983,-29983,-29984,-29984,-29981,-29983,-29978,-29978,-29978,-29978,-29979,-29979,-29973,-29985,-29986,-29986,-29987,-29989,-29988,-29990,-29988,-29995,-29995,-29996,-29995,-29996,-1000]} 1. d4 d5 2. c4 c6 3. Nf3 e6 4. Nbd2 Nf6 5. g3 Nbd7 6. Bg2 b6 {E01: Catalan: Early deviations} 7. Qc2 Bb7 {LiveBook: 20 Games} 8. e4 (8. O-O c5 9. cxd5 Nxd5 10. Nc4 Rc8 11. Bg5 Qc7 12. Rac1 b5 13. Ne3 Nxe3 14. Bxe3 {½-½ (38) Aronian,L (2797)-Ivanchuk,V (2715) Wijk aan Zee 2015}) 8... Nxe4 $146 {The position is equal.} ({Predecessor:} 8... Bb4 9. e5 Ne4 10. O-O Nxd2 11. Bxd2 Be7 12. Rfe1 dxc4 13. Qxc4 O-O 14. Rad1 c5 15. dxc5 bxc5 {0-1 (60) Esbensen,A (2167)-Gausel,E (2524) Blindern 2002}) 9. Nxe4 dxe4 10. Qxe4 Nf6 11. Qe2 Bb4+ 12. Bd2 Bxd2+ 13. Qxd2 c5 14. O-O O-O {[%cal Bh8f8,Bf8d8,Bd8d2][%mdl 32]} 15. dxc5 bxc5 16. Qxd8 Rfxd8 17. Rfd1 Nd7 18. b3 Kf8 19. Rd2 (19. Ng5 $11 {keeps the balance.} Bxg2 20. Kxg2) 19... Bxf3 $1 $17 20. Bxf3 Ne5 21. Bxa8 Rxd2 {[%mdl 4096] Endgame KRB-KRN} 22. a3 Nd3 23. b4 Rc2 ({Better is} 23... Nxf2 $17 24. bxc5 Nh3+ 25. Kh1 Nf2+ 26. Kg1 Nd3) 24. Be4 $11 Rc3 25. Bxd3 Rxd3 26. bxc5 {KR-KR} Ke7 27. Rb1 Rxa3 28. Rb7+ Kf6 29. c6 {Black must now prevent c7.} Ra4 30. c5 Ra5 31. c7 Rxc5 32. Rxa7 g5 33. h3 h5 34. Kg2 Rc3 35. Rb7 Kg6 36. Ra7 f5 37. f4 h4 38. Ra8 Rxc7 39. Rg8+ Kf6 40. Rxg5 Rc2+ 41. Kg1 Rc3 42. Kf2 Rc2+ 43. Kg1 Rc4 {And now ...hxg3 would win.} 44. Rh5 $2 {[%mdl 8192]} (44. g4 $11 {and White is okay.}) 44... hxg3 $19 45. Rh4 {[#]} Rc2 $1 46. Rh6+ Kf7 47. Rh7+ Kg6 48. Rh8 {If White can now play Rg8+ this consolidates a bit.} Rf2 49. Rh4 Kf6 50. Kh1 $2 (50. Rh6+ Kf7 51. Rh8) 50... Ke7 (50... e5 $142 51. Rh6+ Kg7) 51. Kg1 $2 {[#]} (51. Rh6) 51... Kd6 $2 (51... e5 $1 {[%mdl 512]} 52. Rh7+ (52. fxe5 Ke6) 52... Ke6 53. Rh6+ Kd5 54. fxe5 f4) 52. Kh1 $2 (52. Rh6 $19) 52... Kd5 {Black mates.} 53. Kg1 Ke4 54. Rh6 Kxf4 55. Rxe6 Kf3 56. Ra6 Re2 {[%cal Re2e1]} 57. Ra3+ Re3 58. Ra1 f4 59. Rf1+ Ke4 60. Ra1 Re2 61. Ra4+ Kf3 {[%cal Re2e1]} 62. Ra3+ Re3 63. Ra1 Rc3 64. Rb1 Rd3 65. Ra1 Rd2 66. Ra3+ Ke4 67. Ra4+ Ke3 68. Ra3+ Rd3 69. Ra1 f3 70. Rf1 Rd2 71. Re1+ Re2 {[%cal Re2e1]} 72. Rf1 Rg2+ 73. Kh1 Rh2+ 74. Kg1 f2+ {Precision: White = 55%, Black = 70%.} (74... Ke2 $142 75. Rxf3 Kxf3 76. h4 Rxh4 77. Kf1 Rh1#) 0-1

[Event "29th Czech Open-Rapid 2018"]
[Site "Pardubice"]
[Date "2018.07.18"]
[Round "2"]
[White "Frolov, Artur"]
[Black "Vorobiov, Evgeny E"]
[Result "1/2-1/2"]
[WhiteElo "2393"]
[BlackElo "2564"]
[Annotator "ChessBase"]
[PlyCount "93"]
[EventDate "2018.07.18"]
[EventType "swiss"]
[EventCountry "CZE"]
[SourceTitle "playchess.com"]
[Source "ChessBase"]
[SourceQuality "1"]
[TimeControl "900+10"]

1. e4 {[%emt 0:00:00]} c5 {[%emt 0:00:00]} 2. Nf3 {[%emt 0:00:00]} g6 {[%emt 0:00:00]} 3. d4 {[%emt 0:00:00]} cxd4 {[%emt 0:00:02]} 4. Nxd4 {[%emt 0:00:00]} Nc6 {[%emt 0:00:03]} 5. c4 {[%emt 0:00:02]} Nf6 {[%emt 0:00:07]} 6. Nc3 {[%emt 0:00:02]} Bg7 {[%emt 0:00:21]} 7. Be3 {[%emt 0:00:02]} O-O {[%emt 0:00:06]} 8. Be2 {[%emt 0:00:16]} d6 {[%emt 0:00:02]} 9. f3 {[%emt 0:01:27]} Nxd4 {[%emt 0:00:12]} 10. Bxd4 {[%emt 0:00:03]} Bd7 {[%emt 0:00:06]} 11. Qd2 {[%emt 0:01:41]} a5 {[%emt 0:00:12]} 12. Rc1 {[%emt 0:01:01]} Bc6 {[%emt 0:00:27]} 13. Nd5 {[%emt 0:00:51]} e6 {[%emt 0:01:48]} 14. Nxf6+ {[%emt 0:00:41]} Bxf6 {[%emt 0:00:03]} 15. Bxf6 {[%emt 0:00:19]} Qxf6 {[%emt 0:00:02]} 16. O-O {[%emt 0:00:03]} Rfd8 {[%emt 0:00:16]} 17. Rfd1 {[%emt 0:00:56]} Qe5 {[%emt 0:00:13]} 18. Qd4 {[%emt 0:00:36]} Qxd4+ {[%emt 0:00:59]} 19. Rxd4 {[%emt 0:00:02]} Kf8 {[%emt 0:00:03]} 20. Kf2 {[%emt 0:00:13]} Ke7 {[%emt 0:00:03]} 21. Ke3 {[%emt 0:00:04]} h5 {[%emt 0:00:39]} 22. c5 {[%emt 0:00:37]} d5 {[%emt 0:01:19]} 23. exd5 {[%emt 0:00:23]} Rxd5 {[%emt 0:00:13]} 24. Rxd5 {[%emt 0:00:13]} Bxd5 {[%emt 0:00:02]} 25. Bc4 {[%emt 0:00:12]} Bc6 {[%emt 0:00:13]} 26. Rc3 {[%emt 0:00:40]} a4 {[%emt 0:01:23]} 27. Ra3 {[%emt 0:00:48]} Rd8 {[%emt 0:00:37]} 28. Rd3 {[%emt 0:00:25]} Rb8 {[%emt 0:00:09]} 29. b4 {[%emt 0:00:12]} axb3 {[%emt 0:00:09]} 30. axb3 {[%emt 0:00:02]} b5 {[%emt 0:00:18]} 31. cxb6 {[%emt 0:00:02]} Rxb6 {[%emt 0:00:01]} 32. h4 {[%emt 0:00:12]} Rb8 {[%emt 0:00:12]} 33. Kd4 {[%emt 0:01:27]} Bd7 {[%emt 0:00:53]} 34. f4 {[%emt 0:00:19]} Bc6 {[%emt 0:02:21]} 35. g3 {[%emt 0:00:02]} Bg2 {[%emt 0:00:03]} 36. Rd2 {[%emt 0:02:19]} Bf3 {[%emt 0:00:13]} 37. Kc3 {[%emt 0:00:16]} Rc8 {[%emt 0:01:27]} 38. Ra2 {[%emt 0:01:10]} Rc7 {[%emt 0:00:17]} 39. Kd4 {[%emt 0:00:09]} Rb7 {[%emt 0:00:15]} 40. Ra5 {[%emt 0:00:19]} Rd7+ {[%emt 0:00:55]} 41. Ke3 {[%emt 0:00:14]} Bh1 {[%emt 0:00:33]} 42. b4 {[%emt 0:00:39]} Rd1 {[%emt 0:00:08]} 43. Ra3 {[%emt 0:00:12]} Bd5 {[%emt 0:01:18]} 44. Bxd5 {[%emt 0:00:10]} exd5 {[%emt 0:00:13]} 45. Rd3 {[%emt 0:00:18]} Rb1 {[%emt 0:00:24]} 46. Rxd5 {[%emt 0:00:02]} Rxb4 47. Rd3 1/2-1/2

[Event "29th Czech Open-Rapid 2018"]
[Site "Pardubice"]
[Date "2018.07.18"]
[Round "2"]
[White "Piscopo, Pierluigi"]
[Black "Hauschild, Rudolf jun"]
[Result "1-0"]
[WhiteElo "2389"]
[BlackElo "2015"]
[Annotator "TA"]
[PlyCount "123"]
[EventDate "2018.07.18"]
[EventType "swiss"]
[EventCountry "CZE"]
[SourceTitle "playchess.com"]
[Source "ChessBase"]
[SourceQuality "1"]

{[%evp 10,123,34,7,54,41,56,47,51,54,30,0,0,-3,20,15,22,21,17,0,6,6,49,26,29,24,38,30,44,8,43,44,42,39,72,0,89,35,43,37,94,89,91,89,125,100,94,99,102,68,74,66,102,68,102,57,68,64,57,45,91,88,85,89,83,85,134,134,129,100,108,108,108,108,108,108,108,108,111,102,93,89,108,107,105,79,85,33,100,105,145,149,154,154,145,85,77,0,132,141,143,141,132,136,29965,29966,29965,29968,29970,29971,29970,29970,29955,29962,6616,6295]} 1. Nf3 Nf6 2. g3 g6 3. Bg2 Bg7 4. O-O d6 5. d4 O-O 6. a4 {LiveBook: 820 Games} Nh5 $146 {A49: 1 d4 Nf6 2 Nf3 g6 3 g3: Anti-King's Indian systems} ({Predecessor:} 6... c6 7. Nc3 Nbd7 8. e4 e5 9. Re1 Re8 10. h3 Qc7 11. a5 Rb8 12. b3 b5 13. axb6 axb6 14. Ba3 Bf8 15. d5 Bb7 16. dxc6 Bxc6 17. Nd2 b5 18. Bb4 Ra8 19. Qe2 Qb6 {1-0 (69) Zhao,J (2604)-Adhiban,B (2655) Riadh 2017}) 7. a5 e5 8. dxe5 dxe5 {White is slightly better.} 9. Qxd8 Rxd8 10. Bg5 f6 11. Be3 Nc6 12. a6 e4 13. axb7 Bxb7 14. Nfd2 {g4 is the strong threat.} f5 15. c3 Nf6 16. Nc4 Ng4 17. Bf4 Nge5 18. Nbd2 h6 19. Rfd1 g5 {And now ...Nxc4 would win.} 20. Nxe5 Bxe5 21. Be3 Bg7 22. Nb3 (22. g4 $16) 22... Bf8 (22... Rxd1+ $11 23. Rxd1 Rb8) 23. Nc5 (23. Rxd8 $16 Rxd8 24. f4) 23... Bxc5 $14 24. Bxc5 a6 (24... Rxd1+ $14 25. Rxd1 Ne5) 25. g4 $16 fxg4 26. Bxe4 Na5 27. Bf5 Kf7 28. Bc2 ({But not} 28. Bxg4 $6 Nb3 $11) 28... Nc6 29. b4 Rxd1+ 30. Rxd1 {Hoping for Rd7+.} Rd8 31. Bb3+ (31. Ra1 {keeps more tension.} Kf6 32. Be3 Ra8 33. Bb3 Rd8 34. Ra4) 31... Kf6 32. Rxd8 (32. Ra1 {seems wilder.} Rd2 33. Be3 Rd8 34. Ra4 Ra8 35. Bd5) 32... Nxd8 {[%mdl 4096] Endgame KBB-KBN} 33. Bd4+ Kf5 34. Bc4 h5 35. Bd3+ Ke6 36. Bg6 h4 37. e4 {[%cal Be2e4,Be4e5][%mdl 32]} Nc6 38. Bf5+ Ke7 39. Bh8 a5 40. bxa5 ({Weaker is} 40. Bxg4 a4 $15) 40... Nxa5 41. e5 $1 Nc4 42. Bf6+ Kf7 43. Bxg4 Bd5 44. f3 Kg6 45. Kf2 c6 46. Ke2 c5 47. Bd7 Nb6 48. Bh3 (48. Bb5 $16) 48... Nc4 ({Black should play} 48... Na4 $14) 49. Bg4 Nb6 50. Bd8 Nc4 {[#]} 51. Bc7 $1 Kf7 {[#]} 52. Kd3 (52. Bd6 $142 $1) 52... Nb2+ 53. Ke2 (53. Kd2 $16) 53... Bc4+ (53... Nc4 $11 {remains equal.}) 54. Kd2 Bd5 55. Bd6 Nc4+ 56. Kd3 Nxd6 $4 {[%mdl 8192]} (56... Kg6 $16 57. Bc8 (57. Bxc5 Nxe5+ 58. Ke2 Bc4+ 59. Kf2 Nxg4+ 60. fxg4 Be6 $14) 57... Nb2+ 58. Ke2 Nc4) 57. exd6 {KB-KB} Kf6 58. Ke3 Bc6 59. f4 gxf4+ 60. Kxf4 Bd5 61. Bc8 Bg2 62. Kg4 {Precision: White = 58%, Black = 42%.} 1-0

[Event "29th Czech Open-Rapid 2018"]
[Site "Pardubice"]
[Date "2018.07.18"]
[Round "2"]
[White "Pulpan, Jakub"]
[Black "Michelle Catherina, P."]
[Result "1/2-1/2"]
[WhiteElo "2386"]
[BlackElo "2069"]
[Annotator "NA"]
[PlyCount "80"]
[EventDate "2018.07.18"]
[EventType "swiss"]
[EventCountry "CZE"]
[SourceTitle "playchess.com"]
[Source "ChessBase"]
[SourceQuality "1"]
[TimeControl "900+10"]

1. d4 {[%emt 0:00:00]} Nf6 {[%emt 0:00:00]} 2. Nf3 {[%emt 0:00:00]} e6 {[%emt 0:00:00]} 3. c4 {[%emt 0:00:00]} d5 {[%emt 0:00:00]} 4. Bf4 {[%emt 0:00:00]} c5 {[%emt 0:00:56]} 5. e3 {[%emt 0:00:25]} cxd4 {[%emt 0:00:06]} 6. exd4 {[%emt 0:00:03]} Bb4+ {[%emt 0:00:16]} 7. Nbd2 {[%emt 0:00:13]} O-O {[%emt 0:00:11]} 8. c5 {[%emt 0:00:31]} b6 {[%emt 0:04:12]} 9. a3 {[%emt 0:01:18]} Bxd2+ {[%emt 0:00:02]} 10. Qxd2 {[%emt 0:00:10]} Ne4 {[%emt 0:00:49]} 11. Qc2 {[%emt 0:00:03]} Ba6 {[%emt 0:01:21]} 12. Bxa6 {[%emt 0:01:21]} Nxa6 {[%emt 0:00:01]} 13. b4 {[%emt 0:00:02]} bxc5 {[%emt 0:00:40]} 14. dxc5 {[%emt 0:00:07]} f6 {[%emt 0:02:06]} 15. O-O {[%emt 0:00:03]} e5 {[%emt 0:00:13]} 16. Be3 {[%emt 0:00:12]} Nc7 {[%emt 0:00:10]} 17. Rfd1 {[%emt 0:00:10]} Qe8 {[%emt 0:00:20]} 18. Nd2 {[%emt 0:00:44]} f5 {[%emt 0:00:50]} 19. f4 {[%emt 0:00:23]} d4 {[%emt 0:00:35]} 20. Nxe4 {[%emt 0:00:34]} fxe4 {[%emt 0:00:24]} 21. Qxe4 {[%emt 0:00:32]} dxe3 {[%emt 0:00:44]} 22. fxe5 {[%emt 0:00:01]} Qe7 {[%emt 0:01:04]} 23. Qxe3 {[%emt 0:00:06]} Rae8 {[%emt 0:00:07]} 24. c6 {[%emt 0:00:24]} Qxe5 {[%emt 0:01:10]} 25. Qxa7 {[%emt 0:00:10]} Nb5 {[%emt 0:00:39]} 26. Qc5 {[%emt 0:01:26]} Qxc5+ {[%emt 0:00:14]} 27. bxc5 {[%emt 0:00:02]} Rc8 {[%emt 0:00:13]} 28. a4 {[%emt 0:00:14]} Na7 {[%emt 0:00:20]} 29. a5 {[%emt 0:00:30]} Rxc6 {[%emt 0:00:27]} 30. Rd7 {[%emt 0:00:13]} Nb5 {[%emt 0:01:13]} 31. a6 {[%emt 0:00:08]} Rxc5 {[%emt 0:00:19]} 32. a7 {[%emt 0:00:24]} Ra8 {[%emt 0:00:05]} 33. Rb7 {[%emt 0:00:26]} Nd6 {[%emt 0:00:12]} 34. Rb6 {[%emt 0:00:34]} Rc7 {[%emt 0:00:25]} 35. Rb8+ {[%emt 0:01:33]} Rc8 {[%emt 0:00:02]} 36. Rd1 {[%emt 0:00:01]} Nb5 {[%emt 0:00:15]} 37. Rxb5 {[%emt 0:00:42]} Rxa7 {[%emt 0:00:01]} 38. h4 {[%emt 0:00:01]} Rac7 {[%emt 0:00:06]} 39. Kh2 {[%emt 0:00:02]} h6 {[%emt 0:00:07]} 40. g3 {[%emt 0:00:15]} Rc5 {[%emt 0:00:07]} 1/2-1/2

[Event "29th Czech Open-Rapid 2018"]
[Site "Pardubice"]
[Date "2018.07.18"]
[Round "2"]
[White "Burdalev, Kirill"]
[Black "Movsesian, Sergei"]
[Result "0-1"]
[WhiteElo "2377"]
[BlackElo "2635"]
[Annotator "TA"]
[PlyCount "100"]
[EventDate "2018.07.18"]
[EventType "swiss"]
[EventCountry "CZE"]
[SourceTitle "playchess.com"]
[Source "ChessBase"]
[SourceQuality "1"]

{[%evp 20,100,0,0,10,-2,20,3,0,3,20,-16,8,12,35,23,36,29,33,39,35,35,45,51,69,0,0,-127,-128,-120,-117,-126,-128,-131,-143,-160,-149,-184,-167,-212,-180,-192,-173,-212,-212,-224,-220,-208,-201,-237,-232,-202,-171,-201,-175,-301,-233,-216,-161,-265,-255,-265,-265,-296,-294,-285,-281,-263,-255,-228,-33,-83,-67,-188,-200,-679,-651,-5161,-2165,-1379,-410,-796,-723]} 1. d4 Nf6 2. Nf3 g6 3. Bg5 Bg7 4. Nbd2 O-O 5. c3 d6 6. e4 h6 7. Bh4 Nbd7 {[%cal Bb8d7,Bd7c5,Bc5e6,Be6f4][%mdl 32]} 8. Be2 e5 9. dxe5 dxe5 10. O-O Qe8 11. Qc2 {LiveBook: 20 Partien. A48: Königsindisch (ohne c2-c4)} Nc5 12. b4 $146 ({Vorgänger:} 12. Rfe1 Nh5 13. b4 Ne6 14. Nc4 Nef4 15. Bf1 Bg4 16. Nfd2 Bf6 17. Bg3 Be6 {½-½ (17) Gausel,E (2490)-Sutovsky,E (2530) Gausdal 1995}) 12... Ne6 (12... Qa4 $5 {[%cal Ra4c2]} 13. Bd3 Qxc2 14. Bxc2 Ne6 $11) 13. Rfe1 {Die Stellung ist ausgeglichen.} ({Bitte nicht} 13. Nxe5 Nf4 $15) 13... Nf4 14. Bf1 Bg4 15. Re3 Nd7 16. Nc4 Kh7 17. Nfd2 f6 18. f3 Be6 19. Bf2 h5 20. Ree1 Bh6 21. Ne3 Nb6 22. Ndc4 (22. c4 $14) 22... Nxc4 $11 23. Bxc4 {[#]} (23. Nxc4 $11 {war der einzige Weg, das Gleichgewicht zu behalten.} Qf7 24. Ne3) 23... Nxg2 $1 $17 {[%mdl 512]} 24. Kxg2 (24. Nxg2 Bxc4) 24... Bxe3 $1 25. Bxe6 {Droht Ld5 und aus.} Bxf2 26. Qxf2 {Und weiter mit Lb3 wäre nett.} Qxe6 27. Rad1 a5 28. b5 Rad8 29. Rd2 Rd6 30. Red1 Rfd8 31. Rxd6 Rxd6 ({Viel schwächer ist} 31... cxd6 32. Qe2 $17) 32. Rxd6 Qxd6 $19 {[%mdl 4096] Endspiel KD-KD} ({Keinesfalls} 32... cxd6 33. a4 $17) 33. Qc2 Kg7 34. Kf1 b6 35. Kg2 Kf8 36. Kf1 Ke7 37. a4 (37. Kg2 {ist eine bessere Verteidigung.}) 37... Kd7 38. Kg2 Kc8 39. Kf1 (39. Qa2 {war angesagt.}) 39... Qe6 40. Kg2 f5 41. exf5 gxf5 42. Kf2 Kb7 43. c4 Qd7 44. Kg2 c6 $2 {[#]} (44... Qd4 $19 {Weiss muss nun ...e4 beachten.} 45. Qe2 h4) 45. Qe2 Qd4 46. Qc2 ({Besser ist} 46. h4 $15) 46... e4 47. bxc6+ $2 (47. fxe4 fxe4 48. Qe2) 47... Kxc6 48. Qb3 Qd2+ 49. Kh3 Qb4 (49... Qf4 $142 50. Qb5+ Kc7) 50. Qc2 (50. Qe3 $142 Qxa4 51. Qd4) 50... Qa3 {Precision: Weiß = 27%, Schwarz = 43%.} 0-1